000 00323nam a2200133 4500
999 _c10616
_d10616
003 OSt
005 20220429132324.0
008 220429b ||||| |||| 00| 0 eng d
020 _a070513686
082 _a711.552
100 _aLouis G Redstone,FAIA
245 _aNew dimensions in shopping centers and stores
942 _2ddc